Continuity and change in indian politics (Record no. 945)
[ view plain ]
| 000 -LEADER | |
|---|---|
| fixed length control field | 00511cam a2200181ua 4500 |
| 008 - FIXED-LENGTH DATA ELEMENTS--GENERAL INFORMATION | |
| fixed length control field | 110426n ii |||gr||||Z||||||eng |
| 040 ## - CATALOGING SOURCE | |
| Transcribing agency | MAIN |
| 082 ## - DEWEY DECIMAL CLASSIFICATION NUMBER | |
| Classification number | 320.0110954 |
| 245 1# - TITLE STATEMENT | |
| Title | Continuity and change in indian politics |
| Statement of responsibility, etc. | by K.P.Karunakaran |
| 250 ## - EDITION STATEMENT | |
| Edition statement | 1st. |
| 260 ## - PUBLICATION, DISTRIBUTION, ETC. | |
| Place of publication, distribution, etc. | New Delhi: |
| Name of publisher, distributor, etc. | Peoples publishings house,966. |
| 300 ## - PHYSICAL DESCRIPTION | |
| Extent | x, 204p.: |
| Dimensions | 3cm. |
| 700 ## - ADDED ENTRY--PERSONAL NAME | |
| Personal name | Karunakaran, K.P., |
| Relator term | |
| 942 ## - ADDED ENTRY ELEMENTS (KOHA) | |
| Koha item type | Books |
| 653 ## - INDEX TERM--UNCONTROLLED | |
| Uncontrolled term | Political science |
| 653 ## - INDEX TERM--UNCONTROLLED | |
| Uncontrolled term | Continuity and change in indian politics |
| Withdrawn status | Lost status | Damaged status | Not for loan | Home library | Current library | Shelving location | Date acquired | Total Checkouts | Full call number | Barcode | Date last seen | Copy number | Price effective from | Koha item type |
|---|---|---|---|---|---|---|---|---|---|---|---|---|---|---|
| Naharkatiya College Central Library | Naharkatiya College Central Library | General Stacks | 19/09/2020 | 320.0110954 | KAR | 143 | 19/09/2020 | 1 | 19/09/2020 | Books |
